| 000 | 01076nam a2200217Ia 4500 | ||
|---|---|---|---|
| 003 | Ost | ||
| 005 | 20260507075051.0 | ||
| 008 | 260507s9999||||xx |||||||||||||| ||und|| | ||
| 040 | _cfsecg | ||
| 041 | _aara | ||
| 082 | _a346.62 | ||
| 100 |
_aعبد التواب، معوض _eمؤلف |
||
| 245 | 0 |
_aالولاية على المال : _bالتعليق على قانون الولاية على المال بالشرح وأحكام النقض من 1931 حتى 2002 / _c معوض عبد التواب |
|
| 260 |
_aالاسكندرية: _bمكتبة عالم الفكر و القانون للنشر و التوزيع, _c2003 |
||
| 300 | _a299 صفحة؛ | ||
| 490 | _aكتاب المحروسة | ||
| 520 | _aالقانون المدني، القوانين والتشريعات، الولاية على المال، مصر، التعليق على قانون الولاية على المال بالشرح و أحكام النقض من 1931 حتى 2002. | ||
| 653 | _aالقانون المدني - مصر | ||
| 653 | _aقوانين وتشريعات - مصر | ||
| 942 | _cكتاب | ||
| 999 |
_c42655 _d42655 |
||